Handbook of numerical analysis
Αποθηκεύτηκε σε:
| Άλλοι συγγραφείς: | , |
|---|---|
| Μορφή: | Βιβλίο |
| Γλώσσα: | English |
| Δημοσίευση: |
Amsterdam ; New York :
North Holland : Distributors for the United States and Canada, Elsevier,
1994-2003.
|
| Θέματα: | |
| Ετικέτες: |
Προσθήκη ετικέτας
Δεν υπάρχουν, Καταχωρήστε ετικέτα πρώτοι!
|
MARC
| LEADER | 00000cam a2200000 i 4500 | ||
|---|---|---|---|
| 001 | 1/38766 | ||
| 008 | 021209m19942003ne | ||| |||| ||eng|| | ||
| 020 | |a 0444703667 |q (τ.1) | ||
| 020 | |a 0444817948 |q (τ.4) | ||
| 020 | |a 044482569X |q (τ.6) | ||
| 020 | |a 0444509062 |q (τ.8) | ||
| 020 | |a 0444503501 |q (τ.7) | ||
| 020 | |a 0444899286 |q (τ.3) | ||
| 020 | |a 044482278X |q (τ.2) | ||
| 035 | |l 10070502 | ||
| 040 | |a GR-MyUA |b gre |e AACR2 | ||
| 041 | 0 | |a eng | |
| 082 | 0 | |a 519.4 | |
| 245 | 1 | 0 | |a Handbook of numerical analysis / |c general editors, P.G. Ciarlet, J.L. Lions. |
| 260 | |a Amsterdam ; |a New York : |b North Holland : |b Distributors for the United States and Canada, Elsevier, |c 1994-2003. | ||
| 300 | |a 6. τ. : |b εικ. ; |c 25 εκ. | ||
| 504 | |a Περιέχουν βιβλιογραφικές αναφορές και ευρετήρια. | ||
| 505 | 0 | |a Τ. 1. Finite difference methods (pt.1). Solutions of equations in Rn (pt. 1.) -- τ. 3.Techniques of scientific computing (pt. 1). Numerical methods for solids (pt. 1). Solution of equations in Rn (pt. 2). -- τ. 4. Techniques of scientific computing (pt. 2). v. 4. Finite element methods (pt. 2) . Numerical methods for solids (pt. 2) -- τ. 6. Numerical methods for solids (pt. 3) . Numerical methods for fluids (pt. 1) -- τ. 7. Solution of equations in Rn (pt. 3). Techniques of scientific computing (pt. 3) -- τ. 8. Solution of equations in Rn (pt. 4). Techniques of scientific computing (pt. 4). Numerical methods for fluids (pt. 2) | |
| 650 | 0 | 0 | |a Numerical analysis. |
| 700 | 1 | |a Ciarlet, Philippe G. |e edt | |
| 700 | 1 | |a Lions, J.-L. |q (Jacques-Louis), |d 1928-2001, |e edt | |
| 740 | 0 | 2 | |a Finite difference methods |
| 740 | 0 | 2 | |a Solution of equations in Rn |
| 740 | 0 | 2 | |a Techniques of scientific computing |
| 740 | 0 | 2 | |a Numerical methods for solids |
| 740 | 0 | 2 | |a Solution of equations in Rn |
| 740 | 0 | 2 | |a Solution of Equations in Rn |
| 740 | 0 | 2 | |a Techniques of scientific computing |
| 740 | 0 | 2 | |a Numerical methods for fluids |
| 740 | 0 | 2 | |a Finite element methods |
| 852 | |a INST |b SAMOS |e 20030728 |h 519.4 HAN |p 005300024011 |q 005300024011 |t BK |y 0 |z τ.6 | ||
| 852 | |a INST |b SAMOS |e 20030728 |h 519.4 HAN |p 005300024012 |q 005300024012 |t BK |y 0 |z τ.4 | ||
| 852 | |a INST |b SAMOS |e 20030728 |h 519.4 HAN |p 005300024013 |q 005300024013 |t BK |y 0 |z v.8 | ||
| 852 | |a INST |b SAMOS |e 20030108 |h 519.4 HAN |p 005300024256 |q 005300024256 |t BK |y 0 |z τ.7 | ||
| 852 | |a INST |b SAMOS |e 20021209 |h 519.4 HAN |p 005300024275 |q 005300024275 |t BK |y 0 |z τ.4 | ||
| 852 | |a INST |b SAMOS |e 20021209 |h 519.4 HAN |p 005300024277 |q 005300024277 |t BK |y 0 |z τ.3 | ||
| 852 | |a INST |b SAMOS |e 20060907 |h 519.4 HAN |p 005300026444 |q 005300026444 |t BK |y 0 |z τ.1 | ||
| 852 | |a INST |b SAMOS |e 20030728 |h 519.4 HAN |p 005300024011 |q 005300024011 |t BK |v τ.6: |y 0 |z τ.6 | ||
| 852 | |a INST |b SAMOS |e 20030728 |h 519.4 HAN |p 005300024012 |q 005300024012 |t BK |v τ.4: |y 0 |z τ.4 | ||
| 852 | |a INST |b SAMOS |e 20030728 |h 519.4 HAN |p 005300024013 |q 005300024013 |t BK |v v.8: |y 0 |z v.8 | ||
| 852 | |a INST |b SAMOS |e 20030108 |h 519.4 HAN |p 005300024256 |q 005300024256 |t BK |v τ.7: |y 0 |z τ.7 | ||
| 852 | |a INST |b SAMOS |e 20021209 |h 519.4 HAN |p 005300024275 |q 005300024275 |t BK |v τ.4: |y 0 |z τ.4 | ||
| 852 | |a INST |b SAMOS |e 20021209 |h 519.4 HAN |p 005300024277 |q 005300024277 |t BK |v τ.3: |y 0 |z τ.3 | ||
| 852 | |a INST |b SAMOS |e 20060907 |h 519.4 HAN |p 005300026444 |q 005300026444 |t BK |v τ.1: |y 0 |z τ.1 | ||
| 853 | |a INST |b SAMOS |h 519.4 HAN | ||
| 901 | |a BIBL3-2006-3 | ||
| 901 | |a BIBL3-2003-2 | ||
| 901 | |a BIBL3-2003-1 | ||
| 901 | |a BIBL3-2002-3 | ||
| 909 | |a Σ |b 129454 | ||
| 909 | |a Σ |b 087954 | ||
| 909 | |a Σ |b 105485 | ||
| 909 | |a Σ |b 105486 | ||
| 909 | |a Σ |b 103285 | ||
| 909 | |a Σ |b 103148 | ||
| 909 | |a Σ |b 103149 | ||
| 920 | |a ΑΝΑΜΟΡΦΩΣΗ |b ΕΠΕΑΕΚ II-ΜΑΘ |y Σάμος |z 2006-08 | ||
| 922 | |a 3ΕΛΗ |b 200210 |c ΕΠΕΑΕΚ2/ΤΜΗΜΑ ΜΑΘΗΜΑΤΙΚΩΝ |d ΠΑΠΑΣΩΤΗΡΙΟΥ & ΕΛΕΥΘΕΡΟΥΔΑΚΗΣ | ||
| 950 | |a 116-2002-10-02 | ||
| 970 | |a ΚΟΣΙΕΡΗΣ |b ΧΡΗΣΤΟΣ |z 2002/12/13 | ||